Helminthosporium Maydis Nisikado and Miyake In Relation to Different Fungitoxicant Treatments (Record no. 50086)

MARC details
000 -LEADER
fixed length control field 00478nam a22001697a 4500
003 - CONTROL NUMBER IDENTIFIER
control field OSt
008 - FIXED-LENGTH DATA ELEMENTS--GENERAL INFORMATION
fixed length control field 260417b |||||||| |||| 00| 0 eng d
082 ## - DEWEY DECIMAL CLASSIFICATION NUMBER
Classification number 581.2
Item number S11H
100 ## - MAIN ENTRY--PERSONAL NAME
Personal name Saeed, Saleh Hasan Mobark
245 ## - TITLE STATEMENT
Title Helminthosporium Maydis Nisikado and Miyake In Relation to Different Fungitoxicant Treatments
260 ## - PUBLICATION, DISTRIBUTION, ETC. (IMPRINT)
Place of publication, distribution, etc Pusa, Samastipur
Name of publisher, distributor, etc RAU, Pusa
Date of publication, distribution, etc 2001
300 ## - PHYSICAL DESCRIPTION
Extent 58P.
502 ## - DISSERTATION NOTE
Degree type Msc.
Year degree granted 2001
650 ## - SUBJECT ADDED ENTRY--TOPICAL TERM
Topical term or geographic name as entry element Plant Pathology
650 ## - SUBJECT ADDED ENTRY--TOPICAL TERM
Topical term or geographic name as entry element 2001
942 ## - ADDED ENTRY ELEMENTS (KOHA)
Source of classification or shelving scheme
Koha item type Thesis
Holdings
Withdrawn status Lost status Source of classification or shelving scheme Damaged status Not for loan Home library Current library Date acquired Total Checkouts Full call number Barcode Date last seen Bill Date Koha item type
          Dr. Rajendra Prasad Central Agricultural University Pusa, Dr. Rajendra Prasad Central Agricultural University Pusa, 17/04/2026   581.2 S11H 48780.UL 17/04/2026 17/04/2026 Thesis
Hosted, Implemented, Customized & Maintained by: BestBookBuddies

Powered by Koha